00800nam a2200253Ia 45000010006000000050017000060070003000230080041000260200023000670400025000900410008001150820019001231000030001422450070001722500014002422600043002563000020002993650016003196530019003356530026003549420012003809520137003929990017005294903420240114003934.0ta090522s2002 g b000 u Ass u cRs. 1000.00 (Hard) aCotton College,Assam aAss a039bGo 699 Bi aGoswami, Dinesh Chandra . 0aBiswakosh (Part: 2) /cDinesh Chandra Goswami.hTextual Documents a1st ed. / aJorhat :bAssam Sahitya Sabha ,c2002. a31p. ;c32 cm.. aRs. 1000.00 aG-Encyclopedia aEncyclopedia0Assamese 2ddccBK 001040708Circulation (G)aSKBLbSKBLd2012-02-01f00000g1000.00l0o039 Go 699 Bip92327r2024-01-14 00:00:00t1w2012-02-01yBK c48999d48999